| 000 | 00742nam a2200241 i 4500 | ||
|---|---|---|---|
| 001 | 8736 | ||
| 003 | ES-MaACL | ||
| 005 | 20230906145523.0 | ||
| 007 | t| | ||
| 008 | 920827s1988 sp ||||1| spa d | ||
| 020 | _a84-404-2931-2 | ||
| 080 | _a86-14"19" | ||
| 080 | _a86(Alvarez Matesanz,J.7 C.01) | ||
| 100 | 1 |
_aAlvarez Matesanz, Justo. _920879 |
|
| 245 | 1 | 0 |
_aCorazón partido / _cJusto Alvarez Matesanz. |
| 260 |
_aMadrid Portoalegre, 4 : _bJ. Alvarez, _c1988. |
||
| 300 |
_a128 p. : _b1 retr. ; _c21 cm. |
||
| 490 | 1 |
_aColección Niagara ; _v7 |
|
| 500 | _aTit. tomado de la cub. | ||
| 830 | 0 |
_aColección Niagara ; _v7 _9227992 |
|
| 852 |
_aES-MaACL _jL-16174 _bR.116132 _q. - Ded. autógr. del autor |
||
| 999 |
_c8736 _d8736 |
||